| 000 | 004760000a22001930004500 | ||
|---|---|---|---|
| 001 | 002769 | ||
| 003 | MACL | ||
| 005 | 20151205170538.0 | ||
| 008 | 151205b xxu||||| |||| 00| 0 eng d | ||
| 040 |
_aMACL _cMACL |
||
| 041 | _aEnglish | ||
| 082 | _a742 | ||
| 100 |
_aAnanthakrishnan, Indira _919425 |
||
| 245 |
_aTwo Friends _cIndira Ananthakrishnan |
||
| 260 |
_aPublications Division, _c2001 |
||
| 350 | _a38 | ||
| 650 |
_aChildren's Book _919426 |
||
| 942 |
_k742 _cBK _2ddc |
||
| 999 |
_c14678 _d14678 |
||